Dictionary of Statistics and Methodology : A Nontechnical Guide for the Social Sciences

Bibliographic Details
Main Author: Vogt, W. Paul (Author)
Format: Book
Language:English
Published: London : Sage Publications 1993
Subjects:

MARC

LEADER 00000cam a2200000 7i4500
001 0000005910
005 20240930.0
008 240321 enka eng
020 |a 0803952775 (paperback) 
040 |a INS   |b eng   |e rda 
090 0 0 |a RHA17   |b .V64 1993 
100 1 |a Vogt, W. Paul ,   |e author 
245 1 0 |a Dictionary of Statistics and Methodology :   |b A Nontechnical Guide for the Social Sciences   |c W. Paul Vogt 
264 1 |a London :   |b Sage Publications   |c 1993 
264 4 |c ©1993 
300 |a 253 pages :   |b illustrations ;   |c 23 cm. 
336 |a text  |2 rdacontent 
337 |a unmediated  |2 rdamedia 
338 |a volume  |2 rdacarrier 
504 |a Includes bibliographical references 
650 0 |a Social sciences   |x Methodology   |x Dictionaries 
650 0 |a Social sciences   |x Statistical methods   |x Dictionaries 
999 |a 0000006498   |b BOOK   |c Reference   |e Default branch